| 000 | nam a22 7a 4500 | ||
|---|---|---|---|
| 999 |
_c232635 _d232635 |
||
| 003 | Nust | ||
| 005 | 20170221163023.0 | ||
| 008 | 170221b xxu||||| |||| 00| 0 eng d | ||
| 020 | _a978-1-84146-112-0 | ||
| 040 | _cASAB | ||
| 082 | _a421 GCSE | ||
| 245 |
_aGCSE English writing skills _bthe study guide |
||
| 246 | _agcse english writing skills | ||
| 300 | _a100 p. | ||
| 942 |
_2ddc _cBK |
||